ბათუმის შოთა რუსთაველის სახელმწიფო უნივერსიტეტის ბიბლიოთეკა

ივანე ჯავახიშვილის კარტოგრაფიული მემკვიდრეობა : (ბიბ.ჩანაწერი № 59717)

000 -ლიდერი
ფიქსირებული სიგრძის საკონტროლო ველი 02332nam a22002657a 4500
003 - საკონტროლო ნომრის იდენტიფიკატორი
საკონტროლო ველი Ge_BSU
005 - ბოლო ოპერაციის თარიღი და დრო
საკონტროლო ველი 20230405153903.0
008 - ფიქსირებული სიგრძის მონაცემთა ელემენტები - ზოგადი ინფორმაცია
ფიქსირებული სიგრძის საკონტროლო ველი 230405s2016 ge ||||| |||| 00| 0 geo d
020 ## - წიგნის საერთაშორისო სტანდარტული ნომერი
International Standard Book Number 9789941135040
041 ## - ენის კოდი
Language code of text/sound track or separate title geo
080 ## - უნივერსალური ათობითი კლასიფიკაციის ინდექსი
Universal Decimal Classification number 528.9(479.22)+ 912.43(479.22) ი-37
245 ## - ცნობა სათაურის შესახებ
Title ივანე ჯავახიშვილის კარტოგრაფიული მემკვიდრეობა :
Remainder of title გამოფენის მეგზური /
Statement of responsibility, etc ავტორ-შემდგენლები: დავით სართანია, დალი ნიკოლაიშვილი, არჩილ კოხრეიძე [და სხვ.] ; რედაქტორი როინ მეტრეველი ; სსიპ ივანე ჯავახიშვილის სახ. თბილისის სახელმწ. უნ-ტი, თსუ მუზეუმი, ა(ა)იპ ივანე ჯავახიშვილის ცენტრი.
264 ## - წარმოების, გამოცემის, დისტრიბუციის და სხვა ცნობები
გამოცემის, წარმოების, დისტრიბუციის... ადგილი თბილისი :
გამოცემის, წარმოების, დისტრიბუციის... სახელწოდება თბილ. უნ-ტის გამ-ბა,
გამოცემის, წარმოების, დისტრიბუციის... თარიღი 2016.
300 ## - ფიზიკური აღწერა
Extent 90 გვ. :
Other physical details ილ., 7 დაკეც. რუკა ;
Dimensions 29 სმ.
500 ## - ზოგადი შენიშვნა
General note ეძღვნება ივანე ჯავახიშვილის დაბადების 140 წლის იუბილეს.
653 ## - INDEX TERM--UNCONTROLLED
Uncontrolled term ჯავახიშვილი, ივანე, 1876-1940.
653 ## - INDEX TERM--UNCONTROLLED
Uncontrolled term ქართული კარტოგრაფია
700 ## - ADDED ENTRY--PERSONAL NAME
Personal name სართანია, დავით
Relator term ავტორი, შემდგენელი.
9 (RLIN) 17499
700 ## - ADDED ENTRY--PERSONAL NAME
Personal name ნიკოლაიშვილი, დალი
Relator term ავტორი, შემდგენელი
9 (RLIN) 4827
700 ## - ADDED ENTRY--PERSONAL NAME
Personal name კოხრეიძე, არჩილ და სხვ.
Relator term ავტორი, შემდგენელი
9 (RLIN) 17500
700 ## - ADDED ENTRY--PERSONAL NAME
Personal name მეტრეველი, როინ
Relator term რედაქტორი
9 (RLIN) 17501
710 ## - ADDED ENTRY--CORPORATE NAME
Corporate name or jurisdiction name as entry element ივანე ჯავახიშვილის სახ. თსუ. თსუ მუზეუმი.
Subordinate unit ივანე ჯავახიშვილის ცენტრი.
9 (RLIN) 17502
856 ## - ELECTRONIC LOCATION AND ACCESS
Uniform Resource Identifier https://dspace.nplg.gov.ge/bitstream/1234/257195/1/Kartografiuli_Memkvidreoba.pdf
Link text ელ. ვერსია, pdf
942 ## - ADDED ENTRY ELEMENTS (KOHA)
Source of classification or shelving scheme
Koha item type წიგნი
ეგზემპლარები
ჩამოწერის სტატუსი დაკარგული ეგზემპლარის სტატუსი კლასიფიკაციის წყარო ან თაროზე გაწყობის სქემა დაზიანების სტატუსი არ გაიცემა მუდმივი მდებარეობა (დაცვის ადგილი) ამჟამინდელი ადგილსამყოფელი თაროზე განთავსების ადგილი შეძენის თარიღი ღირებულება, შესყიდვის ნორმალური ფასი სრული შენახვის შიფრი შტრიხკოდი ბოლო ოპერაციის თარიღი ეგზემპლარის მიმდევრობითი ნომერი (კეტერი?) ფასის ძალაში შესვლის თარიღი ეგზემპლარის სახეობა საჯარო შენიშვნა
          ბათუმის შოთა რუსთაველის სახელმწიფო უნივერსიტეტის მთავარი ბიბლიოთეკა ბათუმის შოთა რუსთაველის სახელმწიფო უნივერსიტეტის მთავარი ბიბლიოთეკა წიგნსაცავი 2023-04-05 8.00 528.9(479.22)+ 912.43(479.22) ი-37 64178 2023-04-05 64178 2023-04-05 წიგნი 8 ლ.